| Tag |
First Indicator |
Second Indicator |
Subfields |
| LEADER |
00000cam a2200000 a 4500 |
| 001 |
in00000510021 |
| 005 |
20151013065855.0 |
| 008 |
820902s1982 moua 00010 eng d |
| 035 |
|
|
|a (OCoLC)08742549
|
| 035 |
|
|
|9 ACD9536AM
|
| 040 |
|
|
|a WIH
|c WIH
|d TXA
|d UtOrBLW
|
| 049 |
|
|
|a TXAM
|c [1003229]
|
| 090 |
|
|
|a TL670.3
|b .M47 1982
|
| 100 |
1 |
|
|a Mertens, Randy.
|
| 245 |
1 |
0 |
|a Closet cases /
|c by Randy Mertens.
|
| 250 |
|
|
|a 2nd ed.
|
| 264 |
|
1 |
|a Kansas City, Mo. :
|b Pilot News Press,
|c 1982.
|
| 300 |
|
|
|a 110 pages :
|b illustrations ;
|c 29 cm.
|
| 336 |
|
|
|a text
|b txt
|2 rdacontent
|
| 337 |
|
|
|a unmediated
|b n
|2 rdamedia
|
| 338 |
|
|
|a volume
|b nc
|2 rdacarrier
|
| 650 |
|
0 |
|a Airplanes
|x History.
|
| 650 |
|
0 |
|a Private planes.
|
| 999 |
|
|
|a MARS
|
| 999 |
f |
f |
|s 6c65b780-8cf5-31f0-a95a-865f0dc5c6fb
|i 63583cc3-5f0b-3b10-9756-ecf5481e3abb
|t 0
|
| 952 |
f |
f |
|p ric
|a Texas A&M University
|b Rellis Campus
|c Joint Library Facility
|d Remote Storage
|t 0
|e TL670.3 .M47 1982
|h Library of Congress classification
|i unmediated -- volume
|m A14807821098
|
| 998 |
f |
f |
|a TL670.3 .M47 1982
|t 0
|l Remote Storage
|